00533nam a2200145 a 450000100100000000500170001000800410002702000180006804000250008610000300011124501430014126000470028430000210033170000350035200003566220250401135741.0111108s2009 dr 000 0 spa d a9789945131178 aDO-SdBNPbspacBNPHU1 aSantos, Francisco Antonio10aPor la organización, rescate y unidad del Movimiento Sindical Dominicano /cFrancisco Antonio Santos : prólogo Rafael Chaljub Mejía. aSanto Domingo :bEditora Mediabyte,c2009. a171 p. ;c22 cm.12aChaljub Mejía, Rafaeld1942-